000 00290nam a22001217a 4500
008 160520b xxu||||| |||| 00| 0 eng d
020 _a9780323018883
020 _a0323018882
041 _aeng
080 _a615
245 _aCalculation of drug dosages:
_cSheila J. Ogden;
942 _2udc
_cBK
999 _c2320
_d2320